00506nam a2200205 a 4500001001300000003000900013005001700022008004100039020001100080082001300091100001800104245002100122260003600143300000800179500003500187505001000222650002700232650002300259700001800282nice12345678IN_TiNIC20260116013918.0050524s1953 lona grp 000 0 eng  ac73.500a233bPHI aPhillips, J B aMaking Men Whole aLondonbMacmillan and Co.c1953 a75p aincludes index and biblioraphy2 aIndex aMan-Christian Theology aTheology-Doctrinal1 aPhillips, J B